Statistics for Human Biology Multiple Choice Quiz #1

Click here to take the quiz!

General Stats

  • This quiz has been taken 6,918 times
    (5,256 since last reset)
  • The average score is 10 of 15

Answer Stats

QuestionAnswer% Correct
There are three kinds of blood vessels, Arteries, Veins and....?Capillaries
94%
What is the longest bone found in the body?Femur
88%
Alveoli are found in which organ?Lungs
88%
DNA comprises of 4 bases, Adenine, Thymine, Guanine and...?Cytosine
85%
A Myocardial infarction is the medical term for what?Heart attack
84%
The Patella is the anatomical name for which bone?Kneecap
80%
If someone is Masticating, what are they doing?Chewing
78%
The Hepatocyte is a functional cell of which organ?Liver
75%
Insulin is an example of what?Hormone
66%
Where would you find the Uvula?Throat
63%
Which cells are also known as Thrombocytes?Platelets
57%
On average, in a healthy human, how long do red blood cells circulate before being destroyed and recycled?100 - 120 Days
49%
Rickets is caused by a deficiency in which vitamin?D
43%
Which body part contains the most bones?Arm (inc. Hand)
41%
Malaria is an infectious disease caused by what kind of pathogen?Protozoa
34%

Score Distribution

Percentile by Number Answered

Percent of People with Each Score

Your Score History

You have not taken this quiz since the last reset